LIBRARY & INFORMATION CENTRE, KCAET, TAVANUR

ONLINE PUBLIC ACCESS CATALOGUE (OPAC)

Water balance study of KCAET campus for suggesting suitable water harvesting structures (Record no. 15138)

MARC details
000 -LEADER
fixed length control field 00803nam a22002057a 4500
003 - CONTROL NUMBER IDENTIFIER
control field OSt
088 ## - REPORT NUMBER
Report number P 228
100 ## - MAIN ENTRY--AUTHOR NAME
Personal name AMRUTHA C.A
245 ## - TITLE STATEMENT
Title Water balance study of KCAET campus for suggesting suitable water harvesting structures
260 ## - PUBLICATION, DISTRIBUTION, ETC. (IMPRINT)
Place of publication Tavanur 2011
Name of publisher Kelappaji College of Agricultural Engineering and Technology
300 ## - PHYSICAL DESCRIPTION
Number of Pages 60
500 ## - GENERAL NOTE
General note Water balance study of KCAET campus for suggesting suitable water harvesting structures
520 ## - SUMMARY, ETC.
Summary, etc Water balance study of KCAET campus for suggesting suitable water harvesting structures
700 ## - ADDED ENTRY--PERSONAL NAME
Personal name Saritha P. G
700 ## - ADDED ENTRY--PERSONAL NAME
Personal name Shajila P
700 ## - ADDED ENTRY--PERSONAL NAME
Personal name Dr. Abdul Hakkim V. M (Guide)
856 ## - ELECTRONIC LOCATION AND ACCESS
Uniform Resource Identifier https://drive.google.com/open?id=1bhmp-CNlHFGIc6hpiR97l40hiwB1VXnZ
942 ## - ADDED ENTRY ELEMENTS (KOHA)
Koha item type Project Report
Holdings
Collection code Home library Current library Shelving location Full call number Accession Number Koha item type
Reference KAUAET KAUAET Reference 631.75807 AMR/WA P 228 Project Report
free website counter